000
00221 a2200097 4500
001
28171
100
_a
Bowyer, C H
245
_a
Philosophical perspective for Education
260
_a
_b
Scott
_c
1970
090
_c
18826
_d
18826
942
_a
NUST-CAE
_c
M
_c
9809
999
_c
263244
_d
263244